000 00751nam a2200241 i 4500
003 DO-SdBNP
005 20240502094959.0
006 a||||gr|||| 00| 0
007 ta
008 230612e1984 |||a|||| 6||| 00| 0 spa d
040 _aDO-SdBNP
_bspa
_cBNPHU
_erda
082 4 _222
_bM553g
100 1 _974625
_aMercaderr, José
245 1 3 _aLa guerra de abril. /
_cJosé Mercader; prólogo de Fidel Castro.
264 1 _a[sin lugar] :
_bPolo,
_bhuellas,
_c1984
300 _a160 páginas :
_bIlustraciones, fotografías ;
_c20 cm
336 _2rdaconten
_atexto
_btxt
337 _2rdamedia
_asin medición
_bn
338 _2rdacarrier
_avolumen
_bnc
590 _aInventariado 2023 / MF
700 1 _aCastro, Fidel
_d 1926-2016
_916971
942 _2ddc
_cLBS1
999 _c53771
_d53771